Správa daní od januára 2018
Dňa 11.10.2017 bol schválený vládny návrh č.650, ktorým sa mení a dopĺňa zákon (č. 563/2009 Z.z.) o správe daní ("daňový poriadok"). Novelizácia nadobúda účinnosť 1.1.2018, v niektorých bodoch od 1.1.2019.
Na minha lista:
| Autor principal: | |
|---|---|
| Formato: | Capítulo de Livro |
| Idioma: | eslovaco |
| Assuntos: | |
| Tags: |
Sem tags, seja o primeiro a adicionar uma tag!
|
MARC
| LEADER | 00000naa a2200000 4500 | ||
|---|---|---|---|
| 001 | 0238884 | ||
| 005 | 20180117130417.1 | ||
| 041 | 0 | |a slo | |
| 044 | |a SK | ||
| 245 | 1 | 0 | |a Správa daní od januára 2018 |c Katarína Danajovičová |
| 520 | |a Dňa 11.10.2017 bol schválený vládny návrh č.650, ktorým sa mení a dopĺňa zákon (č. 563/2009 Z.z.) o správe daní ("daňový poriadok"). Novelizácia nadobúda účinnosť 1.1.2018, v niektorých bodoch od 1.1.2019. | ||
| 610 | 2 | 0 | |a zákony |
| 610 | 2 | 0 | |a novelizácia |
| 610 | 2 | 0 | |a dane |
| 610 | 2 | 0 | |a poriadok daňový |
| 610 | 2 | 0 | |a správa daňová |
| 610 | 2 | 0 | |a Slovensko |
| 100 | 1 | |a Danajovičová, Katarína | |